Physical assessment for nurses (Record no. 39418)
[ view plain ]
| 000 -LEADER | |
|---|---|
| fixed length control field | 01530nam a2200349 a 4500 |
| 082 04 - DEWEY DECIMAL CLASSIFICATION NUMBER | |
| Classification number | 616.07/5 |
| 245 00 - TITLE STATEMENT | |
| Title | Physical assessment for nurses |
| 250 ## - EDITION STATEMENT | |
| Edition statement | 2nd ed. |
| 260 ## - PUBLICATION, DISTRIBUTION, ETC. (IMPRINT) | |
| Place of publication | Chichester, West Sussex, U.K. : |
| Name of publisher | Wiley-Blackwell, |
| Year of publication | c2010. |
| 300 ## - PHYSICAL DESCRIPTION | |
| Number of Pages | 1 online resource (xxii, 418 p.) : |
| Other physical details | ill. (some col.), photographs. |
| 500 ## - GENERAL NOTE | |
| General note | Adapted from: Lecture notes on clinical skills (3rd ed.) / Robert Turner, Roger Blackwood. |
| 650 #0 - SUBJECT ADDED ENTRY--TOPICAL TERM | |
| Topical Term | Nursing assessment. |
| Topical Term | Physical diagnosis. |
| 700 1# - ADDED ENTRY--PERSONAL NAME | |
| Personal name | Cox, Carol Lynn. |
| Personal name | Turner, Robert |
| 856 40 - ELECTRONIC LOCATION AND ACCESS | |
| Uniform Resource Identifier | http://site.ebrary.com/lib/rucke/Doc?id=10722571 |
| 588 ## - | |
| -- | Description based on online resource; title from title page (ebrary, viewed July 5, 2013). |
| 922 ## - | |
| -- | Innodata Copy |
No items available.
